zpět

Detail výsledku týmu

Klub Tyjátr, Svitavy

Datum a čas kvízu

27.5 Celkem bodů Celkový počet nahraných bodů na tomto kvízu bez doplňovacích otázek.
5. Pořadí na kvízu Konečné umístění týmu na tomto kvízu.

Zaznamenané odpovědi

# Otázka Odpověď Body Výsledky
1. Ve středu rozhodl Ústavní soud... Milion chvilek pro demokracii 0
2. V pondělí proběhla inaugurace... Michelle Obama 1
3. Reality show Bachelor ve střed... Sabina (Pšádová) 1
4. V noci na úterý jsme mohli na... C) 6 planet Sluneční soustavy najednou 0
5. Ve středu bylo definitivně pot... Tomáš Drastil 0
6. Za půl bodu napište, jak se jm... Tři soutěsky; Čína 1
7. Zhruba od roku 1989 se v Angli... přílivová 0
8. Akademik Lomonosov je ruská ja... B 0
9. Pearl Street Station byla prvn... Thomas Alva Edison 0
10. Téma zakončíme v České republi... med 0